• 首页
  • 本馆介绍
  • 公告通知
  • 最新文献
  • 馆藏检索
  • 电子资源
  • 读者导购
  • 参考咨询
  • 我的图书馆
  • 登录
  • 详细信息显示
  • 放入我的书架
  • 预约/预借图书
  • 作者相关作品
  • 分类相关作品
  • 丛书相关作品
  • 出版社相关作品

书目信息

  • 表格格式
  • 工作单格式
  • 卡片格式
题名:
大学物理学
    
 
作者: 母继荣 主编
分册:  
出版信息: 北京   化学工业出版社  2015
页数: 2册 ( , 204页)
开本: 26cm
丛书名:
单 册:
中图分类: O4
科图分类:
主题词: 物理学--Wu Li Xue--高等学校--教材
电子资源:
ISBN: 978-7-122-25563-1
000 00983nam0 2200265 450
001 012001002212
005 20131110093110.0
010    @a978-7-122-25563-1@b下册@dCNY29.00
099    @aCAL 012016011160
100    @a20160127d2015 em y0chiy50 ea
101 0  @achi
102    @aCN@b110000
105    @aak a 000yy
106    @ar
200 1  @a大学物理学@ADa Xue Wu Li Xue@f母继荣主编
210    @a北京@c化学工业出版社@d2015
215    @a2册 ( , 204页)@c图@d26cm
300    @a高等学校“十三五”规划教材
320    @a有书目
330    @a本书在内容选取上采用压缩经典、简化近代、突出重点的原则,涵盖了教学基本要求中的核心内容。在编写风格上遵循了理论与实践结合、教学与创新结合、注重学习方法的引导和培养原则,以适应当代社会环境对人才的需求。本书包括电磁学、光学、量子物理和大学物理演示实验等内容。
606 0  @a物理学@AWu Li Xue@x高等学校@j教材
690    @aO4@v5
701  0 @a母继荣@AMu Ji Rong@4主编
801  0 @aCN@b北京卓展@c20191020
905    @b1199859-61@dO4@e1042@f3
    
    大学物理学/母继荣主编.-北京:化学工业出版社,2015
    2册 ( , 204页):图;26cm
    高等学校“十三五”规划教材
    
    ISBN 978-7-122-25563-1(下册):CNY29.00
    本书在内容选取上采用压缩经典、简化近代、突出重点的原则,涵盖了教学基本要求中的核心内容。在编写风格上遵循了理论与实践结合、教学与创新结合、注重学习方法的引导和培养原则,以适应当代社会环境对人才的需求。本书包括电磁学、光学、量子物理和大学物理演示实验等内容。
●
相关链接 在E读中查询图书 在五车中查询图书 在当当中查询图书 在豆瓣中查询图书


正题名:大学物理学     索取号:O4/1042         预约/预借

序号 登录号 条形码 馆藏地/架位号 状态 备注
1 1199859   211998597   第二样本阅览室/ [索取号:O4/1042] 在馆    
2 1199860   211998604   第三借阅区/ [索取号:O4/1042] 在馆    
3 1199861   211998613   第三借阅区/ [索取号:O4/1042] 在馆    
唐山师范学院图书馆 欢迎您!
大连网信软件有限公司© 版权所有